00533nam a2200181Ia 450000500170000000800410001704000190005804100120007708200150008910000170010424500570012126000390017830000230021750400500024065000210029065100300031185000100034120230530142035.0131103s9999 xx 000 0 und d aLoreto College aEnglish a940.1bKEE aKeen,Maurice 4aThe pelican history of medieval EuropecMaurice Keen aHarmondsworthbPenguin Booksc1968 a349 p.b ill.,maps aIncludes bibliographical references and index aMedieval History aEurope - Medieval History aLCLIB